| 000 | 00418nam a2200145Ia 4500 | ||
|---|---|---|---|
| 005 | 20240823065828.0 | ||
| 008 | 240823s9999||||xx |||||||||||||| ||und|| | ||
| 082 | _A546.652 Q3 | ||
| 100 | _a"Nagashri,K" | ||
| 245 | 0 | _a"Synthesis,Characterization and pharmacological studies of copper complexes derived from flavone derivatives" | |
| 260 | _c2013 | ||
| 500 | _aYES | ||
| 650 |
_asynthesis _bChemistry |
||
| 942 | _cTH | ||
| 999 |
_c244289 _d244289 |
||